000 02419nam a22003377a 4500
005 20120118171222.0
010 _aB-480481-488
020 _a9788124303566
_c100.00
035 _aB-480481-488
037 _adpl
_bBlue Berry/Ven
082 0 0 _a954
_221
100 1 _aKhandpur, Swarn.
_953118
245 1 2 _aA vision of India :
_cwritten by Swarn Khandpur ; illustrated by Pradeep Sathe.
_bthe country
260 _aMumbai:
_bNavneet Publications (India),
_cc1997
300 _a48p.
_bcol. ill. ;
_c29 cm.
490 _aA vision of India
_953119
505 1 _abk. 1. The country -- bk. 2. Gujarat, Daman & Diu, Dadra & Nagar Haveli / visualiser & illustrator Prabhakar Wairkar
700 1 _aSathe, Pradeep.
_939514
700 1 _aWairkar, Prabhakar.
_939515
942 _2ddc
_cEN
_h954
_mKHA
999 _c61130
_d61130